<?xml version="1.0" encoding="UTF-8"?>
<record
    xmlns:xsi="http://www.w3.org/2001/XMLSchema-instance"
    xsi:schemaLocation="http://www.loc.gov/MARC21/slim http://www.loc.gov/standards/marcxml/schema/MARC21slim.xsd"
    xmlns="http://www.loc.gov/MARC21/slim">

  <leader>01293nam a22002777a 4500</leader>
  <controlfield tag="005">20170124103134.0</controlfield>
  <datafield tag="010" ind1=" " ind2=" ">
    <subfield code="a">B-085486</subfield>
  </datafield>
  <datafield tag="020" ind1=" " ind2=" ">
    <subfield code="c">175.00</subfield>
  </datafield>
  <datafield tag="035" ind1=" " ind2=" ">
    <subfield code="a">B-085486</subfield>
  </datafield>
  <datafield tag="037" ind1=" " ind2=" ">
    <subfield code="b">Cen Lib/Ret</subfield>
  </datafield>
  <datafield tag="040" ind1=" " ind2=" ">
    <subfield code="a">DPL</subfield>
    <subfield code="b">HN</subfield>
  </datafield>
  <datafield tag="082" ind1=" " ind2=" ">
    <subfield code="a">371.3078</subfield>
    <subfield code="b">&#x92E;&#x902;&#x917;&#x932; </subfield>
  </datafield>
  <datafield tag="100" ind1=" " ind2=" ">
    <subfield code="a">&#x92E;&#x902;&#x917;&#x932;, &#x90F;&#x938;.&#x915;&#x947;.</subfield>
    <subfield code="9">73</subfield>
  </datafield>
  <datafield tag="245" ind1=" " ind2=" ">
    <subfield code="a">&#x936;&#x948;&#x915;&#x94D;&#x937;&#x93F;&#x915; &#x924;&#x915;&#x928;&#x940;&#x915;&#x940; &#x915;&#x947; &#x92E;&#x942;&#x932; &#x924;&#x924;&#x94D;&#x935; &#x90F;&#x935;&#x902; &#x92A;&#x94D;&#x930;&#x92C;&#x928;&#x94D;&#x927;&#x928; /</subfield>
    <subfield code="c">&#x90F;&#x938;.&#x915;&#x947;.&#x92E;&#x902;&#x917;&#x932; [&#x914;&#x930;] &#x938;&#x941;&#x92D;&#x94D;&#x930;&#x93E; &#x92E;&#x902;&#x917;&#x932; </subfield>
  </datafield>
  <datafield tag="246" ind1=" " ind2=" ">
    <subfield code="a">Shaishik takniki ke mool tatv ewam prabnadhan /</subfield>
    <subfield code="b">by S.K.Mangal [aur] Shubhra Mangal</subfield>
  </datafield>
  <datafield tag="260" ind1=" " ind2=" ">
    <subfield code="b">&#x907;&#x902;&#x91F;&#x930;&#x928;&#x947;&#x936;&#x928;&#x932; &#x92A;&#x92C;&#x94D;&#x932;&#x93F;&#x936;&#x93F;&#x902;&#x917; &#x939;&#x93E;&#x909;&#x938; </subfield>
    <subfield code="c">2005</subfield>
    <subfield code="a">&#x92E;&#x947;&#x930;&#x920; </subfield>
  </datafield>
  <datafield tag="270" ind1=" " ind2=" ">
    <subfield code="a">&#x915;&#x93E;&#x932;&#x93F;&#x91C; &#x930;&#x94B;&#x921; </subfield>
    <subfield code="b">&#x92E;&#x947;&#x930;&#x920; </subfield>
    <subfield code="e">250001</subfield>
  </datafield>
  <datafield tag="300" ind1=" " ind2=" ">
    <subfield code="a">x,344&#x92A;&#x943;. </subfield>
    <subfield code="c">22&#x938;&#x947;&#x92E;&#x940;(&#x938;&#x91C;&#x93F;&#x932;&#x94D;&#x926;)</subfield>
  </datafield>
  <datafield tag="500" ind1=" " ind2=" ">
    <subfield code="a">&#x938;&#x902;&#x926;&#x930;&#x94D;&#x92D; &#x936;&#x93E;&#x92E;&#x93F;&#x932;   </subfield>
  </datafield>
  <datafield tag="650" ind1=" " ind2=" ">
    <subfield code="a">&#x936;&#x93F;&#x915;&#x94D;&#x937;&#x923;-&#x905;&#x927;&#x93F;&#x917;&#x92E; -- &#x92A;&#x94D;&#x930;&#x92C;&#x902;&#x927;&#x928; </subfield>
    <subfield code="9">84872</subfield>
  </datafield>
  <datafield tag="650" ind1=" " ind2=" ">
    <subfield code="a">&#x936;&#x93F;&#x915;&#x94D;&#x937;&#x923;-&#x905;&#x927;&#x93F;&#x917;&#x92E; -- &#x938;&#x902;&#x917;&#x920;&#x928; </subfield>
    <subfield code="9">84873</subfield>
  </datafield>
  <datafield tag="650" ind1=" " ind2=" ">
    <subfield code="a">The teaching-learning - Management</subfield>
    <subfield code="9">84874</subfield>
  </datafield>
  <datafield tag="650" ind1=" " ind2=" ">
    <subfield code="a">The teaching-learning organization </subfield>
    <subfield code="9">84875</subfield>
  </datafield>
  <datafield tag="700" ind1=" " ind2=" ">
    <subfield code="a">&#x92E;&#x902;&#x917;&#x932;, &#x938;&#x941;&#x92D;&#x94D;&#x930;&#x93E; </subfield>
    <subfield code="9">84876</subfield>
  </datafield>
  <datafield tag="942" ind1=" " ind2=" ">
    <subfield code="2">ddc</subfield>
    <subfield code="c">HN</subfield>
    <subfield code="h">371.3078</subfield>
    <subfield code="m">&#x92E;&#x902;&#x917;&#x932; </subfield>
  </datafield>
  <datafield tag="999" ind1=" " ind2=" ">
    <subfield code="c">119433</subfield>
    <subfield code="d">119433</subfield>
  </datafield>
  <datafield tag="952" ind1=" " ind2=" ">
    <subfield code="0">0</subfield>
    <subfield code="1">0</subfield>
    <subfield code="4">0</subfield>
    <subfield code="7">0</subfield>
    <subfield code="a">L</subfield>
    <subfield code="b">L</subfield>
    <subfield code="d">2015-09-17</subfield>
    <subfield code="e">Cen Lib/Ret</subfield>
    <subfield code="g">175.00</subfield>
    <subfield code="l">5</subfield>
    <subfield code="m">2</subfield>
    <subfield code="o">371.3078 &#x92E;&#x902;&#x917;&#x932;</subfield>
    <subfield code="p">B-085486</subfield>
    <subfield code="r">2022-10-22 00:00:00</subfield>
    <subfield code="s">2022-10-07</subfield>
    <subfield code="t">1</subfield>
    <subfield code="v">175.00</subfield>
    <subfield code="w">2015-09-17</subfield>
    <subfield code="y">HN</subfield>
  </datafield>
</record>
